| 000 | 00538nam a22001937a 4500 | ||
|---|---|---|---|
| 003 | OSt | ||
| 005 | 20150727101927.0 | ||
| 008 | 150727b xxu||||| |||| 00| 0 eng d | ||
| 020 | _a0963665812 | ||
| 040 | _aSEKU | ||
| 050 |
_aK 2292 _b.F4 1993 |
||
| 100 | _aFew,Kendall J. | ||
| 245 | _aDefense Of Trial by Jury. | ||
| 260 |
_a[Greenville, S.C.] : _bAmerican Jury Trial Foundation, _c©1993. |
||
| 650 |
_aJury _xHistory. |
||
| 650 |
_aJury _vGreat Britain _xHistory. |
||
| 650 |
_aJury _vUnited States _xHistory. |
||
| 942 |
_2lcc _cGEN |
||
| 999 |
_c7173 _d7173 |
||